KOHA-Header-6

EnterPRISE Performance Management (Record no. 1222)

000 -LEADER
fixed length control field 00300nam a2200121Ia 4500
008 - FIXED-LENGTH DATA ELEMENTS--GENERAL INFORMATION
fixed length control field 190723s9999 xx 000 0 und d
020 ## - INTERNATIONAL STANDARD BOOK NUMBER
International Standard Book Number 978-1-118-37075-9
100 ## - MAIN ENTRY--PERSONAL NAME
Personal name Ron Dimon
245 #0 - TITLE STATEMENT
Title EnterPRISE Performance Management
260 ## - PUBLICATION, DISTRIBUTION, ETC. (IMPRINT)
Place of publication, distribution, etc Canada
Name of publisher, distributor, etc John Wiley
Date of publication, distribution, etc 2013
300 ## - PHYSICAL DESCRIPTION
Extent 186
942 ## - ADDED ENTRY ELEMENTS (KOHA)
Koha item type Books
Holdings
Withdrawn status Lost status Source of classification or shelving scheme Damaged status Not for loan Collection code Permanent Location Current Location Shelving location Date acquired Full call number Barcode Date last seen Price effective from Koha item type
        Not For Loan Management MAJU MAJU Shelf No.A38 REF 2019-07-23 658.4 7847 2019-07-23 2019-07-23 Management

Powered by Koha